| 000 | 01696cam a22004574i 4500 | ||
|---|---|---|---|
| 003 | PE-LiUPU | ||
| 005 | 20250731173327.0 | ||
| 008 | 150710s r 000 0 d | ||
| 020 | _a157554041X | ||
| 035 | _a(Sirsi) i9781575540412 | ||
| 040 |
_aPE-LiUPU _bspa _cPE-LiUPU _erda |
||
| 049 | _aPRUA | ||
| 082 | 0 | 4 |
_a286.7325 _bTPI _221 |
| 100 | 1 |
_aWhite, Elena G. de, _eautor. |
|
| 245 | 1 | 0 |
_aTestimonios para la iglesia : _bcontiene los testimonios nº 35.7 / _cElena G. de White. |
| 264 | 1 |
_aFlorida : _bInteramericana, _c1998. |
|
| 300 |
_a307 páginas ; _c21 cm. |
||
| 336 |
_atext _2rdacontent |
||
| 337 |
_aunmediated _2rdamedia |
||
| 338 |
_avolume _2rdacarrier |
||
| 505 | 0 | _aUn servicio aceptable -- La obra de nuestro sanatorio -- Los alimentos saludables -- La obra de publicaciones -- En el campo del Sur -- Consejos para los que llevan cargas.. | |
| 526 | _aSEG42 | ||
| 526 | _aSEG41 | ||
| 526 | _aSEG40 | ||
| 526 | _aSEG39 | ||
| 526 | _aP94 | ||
| 526 | _aP87 | ||
| 526 | _aP86 | ||
| 526 | _aP85 | ||
| 526 | _aP77 | ||
| 526 | _aP76 | ||
| 526 | _aP35 | ||
| 541 | _g001-000386; | ||
| 610 | 2 |
_aIASD _xDoctrinas. |
|
| 650 | 0 | 4 |
_aAdventistas del séptimo día _xDoctrinas. |
| 942 |
_2ddc _cBOOK |
||
| 949 |
_a286.7325 TPI 7 _wDEWEY _c1 _i58718 _lCCODEBUL1 _mBUL _p22.00 _r0 _sY _tBOOK _u2015-7-10 _xTEOLOGIA _PP35 _0COMPRA _o.STAFF. Colección General |
||
| 994 |
_aC0 _bPEPRU |
||
| 596 | _a1 | ||
| 999 |
_a286.7325 TPI 7 _wDEWEY _c47593 _i58718 _d47593 _e2019-5-19 _f2021-11-11 _g5 _lCCODEBUL1 _mBUL _n2 _p22.00 _q1 _r0 _sY _tBOOK _u2015-7-10 _xTEOLOGIA _PP35 _0COMPRA _o.STAFF. Colección General |
||
| 980 |
_81 _gALBERTO SANCHEZ Responsable de Automatización |
||